000 01209nam a2200253 i 4500
001 86325
003 ES-MaACL
005 20251014000446.0
007 t|
008 041227s2000 sp ||||1| spa d
080 _a929 Hitler, Adolf
080 _a940"1914/1945"
245 0 0 _aAdolf Hitler [
_hRecurso electrónico].
260 _a[Madrid] :
_bDolmen,
_c[2000]
300 _a1 disco compacto (CD-ROM) :
_bson., col. ;
_c12 cm.
490 1 _aLa historia y sus protagonistas ;
_v11
500 _aRequerimientos del sistema: Procesador Pentium 200 MMX o superior, Memoria RAM 32 Mb o más, Espacio libre en disco duro de 10 Mb o más, Windows 95 o posterior, Tarjeta gráfica 2 Mb, Lector de CD-ROM 16X o superior, Tarjeta de sonido con capacidad de sonido digitalizado y MIDI.
505 8 _aContiene: Desde 1914 hasta 1945: las dos Guerras Mundiales y el periodo de entregueras con el Crack del 29 y la Revolución Soviética
600 1 4 _aHitler, Adolf,
_d1889-1945-
_xBiografías-
_vCD-ROM
_963838
651 4 _aEuropa-
_xHistoria-
_y1914-1945-
_vCD-ROM.
_98608
830 0 _aLa historia y sus protagonistas ;
_v11
_9183979
852 _aES-MaACL
_jROT 1/4/17
999 _c86325
_d86325